[Event "VIE-chT (Women)"]
[Site "Ho Chi Minh City"]
[Date "2017.07.27"]
[Round "6.39"]
[White "Nguyen, Mac Xuan Tien"]
[Black "Huynh, Thien Ngoc"]
[Result "1/2-1/2"]
[WhiteElo "1904"]
[BlackElo "1912"]
[PlyCount "42"]
[EventDate "2017.07.24"]
[EventType "team-swiss"]
[EventRounds "9"]
[EventCountry "VIE"]
[SourceTitle "EXT 2019"]
[Source "ChessBase"]
[SourceDate "2018.10.10"]
[SourceVersion "1"]
[SourceVersionDate "2018.10.10"]
[SourceQuality "1"]

1. e4 c5 2. Nc3 Nc6 3. g3 a6 4. Bg2 Qc7 5. f4 e6 6. Nf3 Be7 7. 0-0 d6 8. d3 Nf6 9. h3 0-0 10. g4 Bd7 11. Ne2 b5 12. Ng3 Rad8 13. g5 Ne8 14. h4 f6 15. Nh2 d5 16. Qg4 Nd6 17. exd5 exd5 18. Bxd5+ Kh8 19. Qd1 Nf5 20. Nxf5 Bxf5 21. Bg2 c4 1/2-1/2